00317nam a2200133Ia 4500008004100000100001400041245004100055250001100096260002300107300001000130650002100140942000700161999001500168190216s9999||||xx |||||||||||||| ||und|| aArora P N 0aProgramming With Basic For Computers asecond bS Chand & Coc1988 a184 p aComputer Science cBK c8371d8371